000 00490nam a22001697a 4500
999 _c8399
_d8399
008 201118b ||||| |||| 00| 0 eng d
040 _aBMS College of Architecture
100 _aSuresh, Tarun
245 _aFree the mind
300 _a27p.
500 _a1BM15AT108
502 _8B,Arch
_NBMS College of Architecture, Visvesvaraya Technological University (VTU)
_aProject report
_d2019
650 _aNa
700 _aYogeshwari K
_eGuide
700 _aLakshmy P
_eGuide
942 _2ddc
_cTHE